| 000 | 00482nam a22001937a 4500 | ||
|---|---|---|---|
| 003 | MPLRDC | ||
| 005 | 20220104153043.0 | ||
| 008 | 210129b ||||| |||| 00| 0 eng d | ||
| 020 | _a962-542-006-1 | ||
| 082 | _a292 LWL | ||
| 100 | _a罗文联编著 | ||
| 245 |
_a现代占卜精华: 人生成功法则 _c |
||
| 250 | _a初版 | ||
| 260 |
_a _b秋海棠文化企业 _c1997 |
||
| 300 | _b平 | ||
| 490 | _a命理天地系列之一 | ||
| 650 | _a占卜 | ||
| 942 |
_cBK _o292 LWL |
||
| 999 |
_c53232 _d53222 |
||